[Event "POL-chT 2nd League"]
[Site "Jastrzebia Gora"]
[Date "2023.09.04"]
[Round "3.113"]
[White "Czaplewska, Klara"]
[Black "Hladun, Bartlomiej"]
[Result "0-1"]
[WhiteElo "1844"]
[BlackElo "1693"]
[PlyCount "68"]
[EventDate "2023.09.02"]
[EventType "team-swiss"]
[EventRounds "9"]
[EventCountry "POL"]
[SourceTitle "EXT 2024"]
[Source "ChessBase"]
[SourceDate "2023.10.10"]
[SourceVersion "1"]
[SourceVersionDate "2023.10.10"]
[SourceQuality "1"]
[WhiteTeam "Zarow Goniec"]
[BlackTeam "Gdynia MDK"]
[WhiteTeamCountry "POL"]
[BlackTeamCountry "POL"]

1. e4 c5 2. Nf3 g6 3. d4 cxd4 4. Nxd4 Nc6 5. Nc3 Bg7 6. Be3 Nf6 7. Nb3 0-0 8. f3 Re8 9. Qd2 e6 10. 0-0-0 d5 11. Bg5 Qb6 12. exd5 Nxd5 13. Nxd5 exd5 14. h4 Nb4 15. Kb1 Bf5 16. Bd3 Bxd3 17. cxd3 a5 18. d4 Qb5 19. Rhe1 Qa4 20. Nc1 Rec8 21. b3 Qd7 22. Re7 Qf5+ 23. Nd3 h6 24. g4 Qxd3+ 25. Qxd3 Nxd3 26. Rxd3 hxg5 27. hxg5 b6 28. Rd7 Rd8 29. Rb7 Rab8 30. Rc7 Rbc8 31. Rb7 Rc6 32. f4 Rdc8 33. Rd7 Bf8 34. Rd1 Ba3 0-1

[Event "POL-chT 2nd League"]
[Site "Jastrzebia Gora"]
[Date "2022.09.11"]
[Round "9.88"]
[White "Trusz, Julia"]
[Black "Czaplewska, Klara"]
[Result "1/2-1/2"]
[WhiteElo "1741"]
[BlackElo "1866"]
[PlyCount "23"]
[EventDate "2022.09.03"]
[EventType "team-swiss"]
[EventRounds "9"]
[EventCountry "POL"]
[SourceTitle "CBM 210 Extra"]
[Source "ChessBase"]
[SourceDate "2022.11.30"]
[SourceVersion "1"]
[SourceVersionDate "2022.11.30"]
[SourceQuality "1"]
[WhiteTeam "Radkow Giecek"]
[BlackTeam "Zarow Goniec"]
[WhiteTeamCountry "POL"]
[BlackTeamCountry "POL"]

1. d4 d5 2. c4 e6 3. Nf3 Nf6 4. g3 Be7 5. Bg2 0-0 6. Nc3 c6 7. Qd3 b6 8. 0-0 Bb7 9. e4 dxc4 10. Qxc4 c5 11. dxc5 Bxc5 12. Rd1 1/2-1/2

[Event "POL-chT 2nd League"]
[Site "Sypniewo"]
[Date "2021.09.12"]
[Round "9.6"]
[White "Czaplewska, Klara"]
[Black "Bukowska, Katarzyna"]
[Result "0-1"]
[WhiteElo "1863"]
[BlackElo "1844"]
[PlyCount "74"]
[EventDate "2021.09.04"]
[EventType "team-swiss"]
[EventRounds "9"]
[EventCountry "POL"]
[SourceTitle "CBM 204 Extra"]
[Source "ChessBase"]
[SourceDate "2021.11.30"]
[SourceVersion "1"]
[SourceVersionDate "2021.11.30"]
[SourceQuality "1"]
[WhiteTeam "Zarow Goniec"]
[BlackTeam "Konin Hetman"]
[WhiteTeamCountry "POL"]
[BlackTeamCountry "POL"]

1. d4 d5 2. g3 Nf6 3. Bg2 e6 4. Nf3 Be7 5. 0-0 0-0 6. c4 b6 7. Nc3 Bb7 8. b3 Nbd7 9. Bb2 c5 10. e3 dxc4 11. bxc4 cxd4 12. exd4 Rc8 13. Qe2 Re8 14. Rac1 Bb4 15. Rfd1 Qc7 16. Nb5 Qb8 17. Qd3 a6 18. Nc3 Qa8 19. Ne2 Red8 20. Qb3 Bf8 21. Nf4 Bd6 22. Ne5 Bxg2 23. Nxg2 Qb8 24. Re1 Bf8 25. f4 Qd6 26. Rcd1 Qb4 27. Ne3 Qxb3 28. axb3 Bb4 29. Re2 Ne4 30. Nc2 Bc3 31. Bc1 Ndc5 32. Re3 a5 33. Nf3 f5 34. Rf1 Nxb3 35. Ba3 a4 36. Ng5 Nxd4 37. Nxe4 fxe4 0-1

[Event "POL-chT 2nd League"]
[Site "Poronin"]
[Date "2020.09.05"]
[Round "1.15"]
[White "Murawko, Katarzyna"]
[Black "Czaplewska, Klara"]
[Result "1-0"]
[WhiteElo "2053"]
[BlackElo "1875"]
[PlyCount "39"]
[EventDate "2020.09.05"]
[EventType "team-swiss"]
[EventRounds "9"]
[EventCountry "POL"]
[SourceTitle "CBM 198 Extra"]
[Source "ChessBase"]
[SourceDate "2020.11.30"]
[SourceVersion "1"]
[SourceVersionDate "2020.11.30"]
[SourceQuality "1"]
[WhiteTeam "Chrzanow Olimpijczyk"]
[BlackTeam "Zarow Goniec"]
[WhiteTeamCountry "POL"]
[BlackTeamCountry "POL"]

1. e4 a6 2. Nf3 b5 3. d4 Bb7 4. Bd3 e6 5. 0-0 c5 6. c3 Nf6 7. Nbd2 Be7 8. Re1 0-0 9. h3 Nc6 10. Nf1 Rc8 11. dxc5 Bxc5 12. e5 Nd5 13. Bxh7+ Kxh7 14. Ng5+ Kg6 15. Ng3 Bxf2+ 16. Kxf2 Rh8 17. Qd3+ f5 18. exf6+ Kxf6 19. Qf3+ Kg6 20. Qf7+ 1-0

[Event "POL-chT3 Dolnoslaskie 1718"]
[Site "Poland"]
[Date "2017.10.22"]
[Round "2.30"]
[White "Czaplewska, Klara"]
[Black "Wasala, Wiktoria"]
[Result "1-0"]
[WhiteElo "1897"]
[BlackElo "1512"]
[PlyCount "85"]
[EventDate "2017.10.08"]
[EventType "team-tourn"]
[EventRounds "11"]
[EventCountry "POL"]
[SourceTitle "EXT 2019"]
[Source "ChessBase"]
[SourceDate "2018.10.10"]
[SourceVersion "1"]
[SourceVersionDate "2018.10.10"]
[SourceQuality "1"]

1. e4 d5 2. exd5 Qxd5 3. Nc3 Qd6 4. Nf3 Bg4 5. h3 Bh5 6. Be2 Nc6 7. Ne4 Qd5 8. Ng3 Bg6 9. 0-0 e5 10. b3 Bc5 11. Bb2 Nd4 12. Nxd4 Bxd4 13. c3 Bb6 14. Bf3 Qd6 15. Bxb7 Rb8 16. Be4 Ne7 17. a4 c5 18. Qe2 0-0 19. Ba3 f5 20. Bc2 Nd5 21. Qc4 Kh8 22. a5 f4 23. Ne4 Bxe4 24. Bxe4 Nf6 25. axb6 axb6 26. d3 Nxe4 27. Qxe4 f3 28. Rad1 Rf4 29. Qe3 Qg6 30. g3 Qe6 31. Kh2 Rf6 32. Bc1 Rh6 33. h4 Rf8 34. Qe4 Rh5 35. d4 Rhf5 36. d5 Qd7 37. Qg4 R8f6 38. Qh3 e4 39. Qg4 Qe8 40. d6 h5 41. Qh3 Qd7 42. Rfe1 Rf8 43. Rxe4 1-0

[Event "Suwalki Warakomska Memorial-B 1st"]
[Site "Suwalki"]
[Date "2017.08.18"]
[Round "9"]
[White "Czaplewska, Klara"]
[Black "Ossolinski, Ziemowit"]
[Result "0-1"]
[WhiteElo "1934"]
[BlackElo "1798"]
[PlyCount "66"]
[EventDate "2017.08.11"]
[EventType "swiss"]
[EventRounds "9"]
[EventCountry "POL"]
[SourceTitle "CBM 180 Extra"]
[Source "ChessBase"]
[SourceDate "2017.10.06"]
[SourceVersion "1"]
[SourceVersionDate "2017.10.06"]
[SourceQuality "1"]

1. d4 Nf6 2. g3 d5 3. Bg2 c6 4. Nf3 g6 5. 0-0 Bg7 6. b3 0-0 7. Bb2 Bf5 8. Nbd2 Qc8 9. Ba3 Re8 10. Re1 Ne4 11. c4 e6 12. Rc1 Nd7 13. Nh4 Qd8 14. Nxf5 exf5 15. Bb2 h5 16. Nf3 g5 17. Qd3 Nf8 18. cxd5 cxd5 19. Rc2 Ng6 20. Rec1 g4 21. Nd2 Bh6 22. e3 h4 23. Nxe4 dxe4 24. Qb5 f4 25. gxf4 h3 26. Bf1 Nh4 27. Qh5 Re6 28. Rc7 Rg6 29. f5 Nf3+ 30. Kh1 Qd6 31. Rc8+ Bf8 32. Qxg6+ fxg6 33. Bc4+ Kh7 0-1

[Event "Suwalki Warakomska Memorial-B 1st"]
[Site "Suwalki"]
[Date "2017.08.16"]
[Round "7"]
[White "Czaplewska, Klara"]
[Black "Zianowicz, Dominik"]
[Result "1/2-1/2"]
[WhiteElo "1934"]
[BlackElo "1843"]
[PlyCount "66"]
[EventDate "2017.08.11"]
[EventType "swiss"]
[EventRounds "9"]
[EventCountry "POL"]
[SourceTitle "CBM 180 Extra"]
[Source "ChessBase"]
[SourceDate "2017.10.06"]
[SourceVersion "1"]
[SourceVersionDate "2017.10.06"]
[SourceQuality "1"]

1. e4 c6 2. d4 d5 3. Nc3 dxe4 4. Nxe4 Bf5 5. Ng3 Bg6 6. h4 h6 7. Nf3 Nd7 8. h5 Bh7 9. Bd3 Bxd3 10. Qxd3 Ngf6 11. Bf4 Qa5+ 12. Bd2 Qc7 13. 0-0-0 e6 14. Kb1 Bd6 15. Ne4 Nxe4 16. Qxe4 0-0-0 17. Qe2 Rhe8 18. Bc3 f6 19. Nh4 c5 20. Qg4 Nf8 21. d5 Kb8 22. dxe6 Nxe6 23. Rhe1 Ng5 24. Nf5 Rxe1 25. Rxe1 Be5 26. Bxe5 fxe5 27. a3 e4 28. f4 exf3 29. gxf3 Qd7 30. f4 Nf3 31. Qxf3 Qxf5 32. Re7 Qd5 33. Qxd5 Rxd5 1/2-1/2

[Event "Suwalki Warakomska Memorial-B 1st"]
[Site "Suwalki"]
[Date "2017.08.11"]
[Round "1"]
[White "Czaplewska, Klara"]
[Black "Choinska, Debora"]
[Result "1/2-1/2"]
[WhiteElo "1934"]
[BlackElo "1600"]
[PlyCount "127"]
[EventDate "2017.08.11"]
[EventType "swiss"]
[EventRounds "9"]
[EventCountry "POL"]
[SourceTitle "CBM 180 Extra"]
[Source "ChessBase"]
[SourceDate "2017.10.06"]
[SourceVersion "1"]
[SourceVersionDate "2017.10.06"]
[SourceQuality "1"]

1. e4 d6 2. d4 Nf6 3. Nc3 Nbd7 4. Nf3 e5 5. Bc4 Be7 6. 0-0 0-0 7. Qe2 c6 8. a4 Qc7 9. Rd1 b6 10. Bg5 h6 11. Bh4 Re8 12. d5 Bb7 13. dxc6 Bxc6 14. Nb5 Bxb5 15. Bxb5 Red8 16. c3 Nc5 17. Nd2 Ne6 18. Bg3 Qb7 19. Bc4 Nc5 20. f3 Nh5 21. Bd5 Nxg3 22. hxg3 Qd7 23. Bxa8 Rxa8 24. Nc4 Qe6 25. Rd5 Qg6 26. Rad1 Nb7 27. g4 h5 28. gxh5 Qxh5 29. Qf2 Qh6 30. Qg3 g6 31. Qh3 Qxh3 32. gxh3 Rc8 33. Na3 a6 34. Kg2 Nc5 35. Nc4 Nxa4 36. Nxd6 Bxd6 37. Rxd6 Nxb2 38. Rd8+ Rxd8 39. Rxd8+ Kg7 40. Rd6 Na4 41. c4 a5 42. Rd5 Kf6 43. Rb5 Ke7 44. Rxe5+ Kd6 45. Rb5 Kc6 46. Kf2 Nc3 47. Rb3 Na2 48. Ke3 Kc5 49. Rb5+ Kxc4 50. Rxb6 Nb4 51. Rb7 a4 52. Kd2 a3 53. Rxf7 a2 54. Ra7 Kb3 55. e5 Nc6 56. Rxa2 Kxa2 57. e6 Kb3 58. Kd3 Kb4 59. Ke4 Kc5 60. f4 Kd6 61. f5 gxf5+ 62. Kxf5 Nd4+ 63. Kf6 Nxe6 64. h4 1/2-1/2